[Event "SPb Summer"]
[Site "St Petersburg"]
[Date "2016.08.18"]
[Round "2.1"]
[White "Pischikov, Vadim"]
[Black "Triapishko, Olexandr"]
[Result "1/2-1/2"]
[WhiteElo "2162"]
[BlackElo "2466"]
[PlyCount "145"]
[EventDate "2016.08.17"]
[EventType "swiss"]
[EventCountry "RUS"]

1. d4 Nf6 2. c4 g6 3. Nc3 d5 4. Nf3 Bg7 5. Qb3 dxc4 6. Qxc4 O-O 7. e4 Na6 8.
Be2 c5 9. d5 e6 10. Bg5 exd5 11. Nxd5 Qa5+ 12. Bd2 Qd8 13. Bg5 Be6 14. Rd1 Bxd5
15. exd5 Qb6 16. O-O Rad8 17. a3 Nc7 18. Be3 Qxb2 19. Rd2 Qxa3 20. Bxc5 Qa6 21.
Qxa6 bxa6 22. Bxf8 Bxf8 23. Rb1 Ne4 24. Rc2 Nxd5 25. Rd1 Rd6 26. Bc4 Nb4 27.
Rxd6 Nxd6 28. Rc1 Bh6 29. Rb1 a5 30. Bb3 Kf8 31. Ne5 f6 32. Nd7+ Ke7 33. Nc5 a6
34. g3 f5 35. Re1+ Kd8 36. f4 Nb5 37. Ra1 Kc7 38. Nxa6+ Nxa6 39. Rxa5 Kb6 40.
Ra2 g5 41. Bg8 gxf4 42. gxf4 Bxf4 43. Bxh7 Nd4 44. Kg2 Nb4 45. Ra8 Nd5 46. Rf8
Bd6 47. Ra8 Ne3+ 48. Kg1 f4 49. Be4 Be7 50. Rh8 Kc7 51. h4 Kd6 52. h5 Bh4 53.
h6 f3 54. Bxf3 Nxf3+ 55. Kh1 Bf6 56. Ra8 Ng5 57. Kg1 Nd5 58. Kg2 Ke5 59. Kg3
Kf5 60. Ra5 Be5+ 61. Kf2 Ke6 62. Ke2 Nf4+ 63. Ke3 Nd5+ 64. Ke2 Bc3 65. Ra6+ Kf5
66. Kd3 Bb2 67. Ra5 Ke6 68. Ra6+ Kf7 69. Ra5 Nf4+ 70. Kc2 Bf6 71. Rf5 Nge6 72.
Rxf6+ Kxf6 73. h7 1/2-1/2

[Event "SPb Summer"]
[Site "St Petersburg"]
[Date "2016.08.18"]
[Round "2.2"]
[White "Grigoryeva, Olga A"]
[Black "Usmanov, Vasily"]
[Result "0-1"]
[WhiteElo "2156"]
[BlackElo "2423"]
[PlyCount "74"]
[EventDate "2016.08.17"]
[EventType "swiss"]
[EventCountry "RUS"]

1. c4 Nf6 2. Nc3 e5 3. g3 Nc6 4. Bg2 Bb4 5. Nd5 Bc5 6. e3 O-O 7. Ne2 Re8 8. d3
d6 9. O-O a6 10. a3 Ba7 11. b4 Nxd5 12. cxd5 Ne7 13. d4 Bg4 14. dxe5 dxe5 15.
Bb2 c6 16. e4 cxd5 17. exd5 Nf5 18. Qd2 e4 19. Nd4 Nxd4 20. Bxd4 Qxd5 21. Be3
Qxd2 22. Bxd2 Rad8 23. Bf4 h6 24. h3 Bf3 25. Rfe1 Bxg2 26. Kxg2 Rd3 27. h4 f5
28. Rec1 e3 29. fxe3 Bxe3 30. Re1 Re4 31. Bxe3 Rexe3 32. Rxe3 Rxe3 33. Rf1 Rxa3
34. Rxf5 Ra4 35. Rf4 b6 36. Rc4 Kh7 37. h5 a5 0-1

[Event "SPb Summer"]
[Site "St Petersburg"]
[Date "2016.08.18"]
[Round "2.3"]
[White "Vlasenko, Miroslav"]
[Black "Khadzhiev, Valery"]
[Result "1-0"]
[WhiteElo "2423"]
[BlackElo "2174"]
[PlyCount "57"]
[EventDate "2016.08.17"]
[EventType "swiss"]
[EventCountry "RUS"]

1. d4 d5 2. Bf4 e6 3. e3 Nf6 4. Nf3 Bd6 5. Ne5 O-O 6. Nd2 c5 7. c3 Nc6 8. Bd3
Qc7 9. Ndf3 g6 10. h4 Nh5 11. Bh6 Ng7 12. h5 Bxe5 13. dxe5 Nxe5 14. Nxe5 Qxe5
15. Bf4 Qf6 16. Bd6 Rd8 17. Bxc5 b6 18. Ba3 Nxh5 19. Rxh5 gxh5 20. Qxh5 h6 21.
f4 Qg7 22. Kf2 e5 23. Be7 Re8 24. Qh4 Qg4 25. Qxh6 f5 26. Bf6 d4 27. cxd4 exf4
28. exf4 Be6 29. Bg5 1-0

[Event "SPb Summer"]
[Site "St Petersburg"]
[Date "2016.08.18"]
[Round "2.4"]
[White "Dragun, Valentin"]
[Black "Pasiev, Rakhim"]
[Result "0-1"]
[WhiteElo "2151"]
[BlackElo "2407"]
[PlyCount "90"]
[EventDate "2016.08.17"]
[EventType "swiss"]
[EventCountry "RUS"]

1. e4 c5 2. Nf3 Nc6 3. Bb5 d6 4. Bxc6+ bxc6 5. O-O e5 6. c3 Nf6 7. d4 Qc7 8.
dxe5 dxe5 9. Qa4 Nd7 10. Be3 Be7 11. Nbd2 O-O 12. Nc4 Rb8 13. Qa3 f6 14. Nfd2
Rb5 15. b3 Nb6 16. f4 Be6 17. Nxb6 axb6 18. c4 Ra5 19. Qb2 Bd6 20. f5 Bf7 21.
g4 Be7 22. a3 Rd8 23. Rfd1 Raa8 24. Nf3 h6 25. a4 b5 26. cxb5 cxb5 27. axb5 Qb7
28. Rxa8 Rxa8 29. Qc2 Qxb5 30. Qd3 Qb7 31. Nd2 Rd8 32. Qc2 Qb5 33. Nc4 Rxd1+
34. Qxd1 Bxc4 35. bxc4 Qxc4 36. Qd5+ Qxd5 37. exd5 Kf7 38. Kf2 c4 39. Bb6 Bb4
40. Ke3 Ke7 41. Ke4 Kd6 42. Be3 c3 43. h3 Ba3 44. Kd3 Kxd5 45. Kxc3 e4 0-1

[Event "SPb Summer"]
[Site "St Petersburg"]
[Date "2016.08.18"]
[Round "2.5"]
[White "Kukhmazov, Arsen"]
[Black "Manin, Viktor"]
[Result "1-0"]
[WhiteElo "2399"]
[BlackElo "2159"]
[PlyCount "65"]
[EventDate "2016.08.17"]
[EventType "swiss"]
[EventCountry "RUS"]

1. Nf3 d5 2. c4 e6 3. e3 Nf6 4. d4 c5 5. cxd5 exd5 6. Bb5+ Bd7 7. Bxd7+ Nbxd7
8. O-O Bd6 9. dxc5 Nxc5 10. Nc3 O-O 11. Nb5 Bb8 12. b3 Nce4 13. Bb2 Qd7 14. Qd3
Rd8 15. Be5 a6 16. Bxb8 Raxb8 17. Nbd4 Rbc8 18. Ne2 Rc7 19. h3 h6 20. Rac1 Rxc1
21. Rxc1 Rc8 22. Rd1 Qc7 23. Nfd4 Qe5 24. Nf4 Rc3 25. Qe2 Qc7 26. Qb2 Qc5 27.
Nfe2 b5 28. b4 Qc4 29. Nxc3 Qxc3 30. Qxc3 Nxc3 31. Rd2 Nfe4 32. Rc2 Nd1 33. Kf1
1-0

[Event "SPb Summer"]
[Site "St Petersburg"]
[Date "2016.08.18"]
[Round "2.6"]
[White "Nasybullina, Alfia"]
[Black "Lamorelle, Julien"]
[Result "0-1"]
[WhiteElo "2141"]
[BlackElo "2376"]
[PlyCount "90"]
[EventDate "2016.08.17"]
[EventType "swiss"]
[EventCountry "RUS"]

1. d4 d5 2. Nf3 Nf6 3. c4 c6 4. Qb3 dxc4 5. Qxc4 Bf5 6. g3 e6 7. Bg2 Be7 8. O-O
Nbd7 9. Nc3 O-O 10. e3 Qc7 11. Qe2 e5 12. dxe5 Nxe5 13. Nxe5 Qxe5 14. e4 Bg4
15. f3 Be6 16. Bf4 Qh5 17. Rfd1 Rad8 18. Be3 Bc5 19. Bxc5 Qxc5+ 20. Qf2 Qa5 21.
h3 Nd7 22. Rd4 Ne5 23. Rad1 Rxd4 24. Rxd4 c5 25. Rd1 c4 26. Bf1 Rd8 27. Rxd8+
Qxd8 28. f4 Nd3 29. Qxa7 g6 30. Qxb7 Qd4+ 31. Kh2 Qf2+ 32. Bg2 Bxh3 33. Kxh3
Qg1 34. Nd1 Qxd1 35. Kh2 Qh5+ 36. Kg1 Qc5+ 37. Kh2 Kg7 38. e5 h5 39. Qb8 h4 40.
Qd8 hxg3+ 41. Kxg3 Qe3+ 42. Kh2 Qxf4+ 43. Kg1 Qe3+ 44. Kh2 Qxe5+ 45. Kg1 Qxb2
0-1

[Event "SPb Summer"]
[Site "St Petersburg"]
[Date "2016.08.18"]
[Round "2.7"]
[White "Karasev, Vladimir I"]
[Black "Kuznetsov, Felix"]
[Result "1-0"]
[WhiteElo "2367"]
[BlackElo "2150"]
[PlyCount "101"]
[EventDate "2016.08.17"]
[EventType "swiss"]
[EventCountry "RUS"]

1. Nf3 Nf6 2. c4 b6 3. d4 Bb7 4. Nc3 e6 5. a3 d5 6. Bg5 Be7 7. e3 O-O 8. cxd5
Nxd5 9. Bxe7 Qxe7 10. Rc1 Rd8 11. Nxd5 Bxd5 12. Bd3 h6 13. O-O Bb7 14. Qe2 Rc8
15. Ne5 c5 16. Bb1 Nc6 17. Nxc6 Rxc6 18. Be4 Rcc8 19. Bxb7 Qxb7 20. dxc5 bxc5
21. Rfd1 Rab8 22. Rd2 g6 23. h4 h5 24. Qc4 Rd8 25. Rcd1 Rxd2 26. Rxd2 Qb5 27.
Qxb5 Rxb5 28. Kf1 Rb3 29. Rc2 Rb5 30. Ke2 Kf8 31. Kd3 Ke7 32. Kc4 a6 33. Rd2
Ke8 34. e4 f6 35. f4 Ra5 36. e5 Ke7 37. g3 fxe5 38. fxe5 Ra4+ 39. Kxc5 Ra5+ 40.
Kb6 Rxe5 41. Kxa6 Re3 42. a4 Rb3 43. a5 e5 44. Rd5 Ke6 45. Rb5 Rd3 46. Kb7 e4
47. a6 e3 48. a7 Rd7+ 49. Kb6 Rd6+ 50. Kc5 Ra6 51. Rb6+ 1-0

[Event "SPb Summer"]
[Site "St Petersburg"]
[Date "2016.08.18"]
[Round "2.8"]
[White "Saveliev, Alexei"]
[Black "Vunder, Andrey"]
[Result "1/2-1/2"]
[WhiteElo "2339"]
[BlackElo "2138"]
[PlyCount "36"]
[EventDate "2016.08.17"]
[EventType "swiss"]
[EventCountry "RUS"]

1. d3 d5 2. f4 Nc6 3. Nf3 Bg4 4. g3 Bxf3 5. exf3 e5 6. fxe5 Nxe5 7. Bg2 Be7 8.
O-O Nf6 9. f4 Nc6 10. Nd2 O-O 11. Nf3 Bd6 12. c3 d4 13. Re1 Bc5 14. b4 Bb6 15.
c4 Nxb4 16. Ne5 Rb8 17. Bd2 Na6 18. g4 Nd7 1/2-1/2

[Event "SPb Summer"]
[Site "St Petersburg"]
[Date "2016.08.18"]
[Round "2.9"]
[White "Azimov, Ilyas"]
[Black "Apryshko, Gleb"]
[Result "1-0"]
[WhiteElo "2136"]
[BlackElo "2335"]
[PlyCount "75"]
[EventDate "2016.08.17"]
[EventType "swiss"]
[EventCountry "RUS"]

1. e4 e6 2. d4 d5 3. Nc3 Nf6 4. Bg5 Bb4 5. e5 h6 6. Bc1 Ne4 7. Qg4 Kf8 8. Nge2
c5 9. a3 Ba5 10. dxc5 Nc6 11. b4 Nxe5 12. Qh3 Bc7 13. Nxe4 dxe4 14. Nc3 Qf6 15.
Bb2 Bd7 16. Be2 Ng6 17. O-O-O Nf4 18. Nxe4 Qg6 19. Qe3 Nxg2 20. Qd4 Bf4+ 21.
Kb1 Bc6 22. f3 e5 23. Qc3 Qh5 24. Ng3 Qh3 25. b5 Be8 26. c6 bxc6 27. bxc6 Ne3
28. Rd3 Bxg3 29. Rxe3 Bf4 30. Re4 Qf5 31. Rd1 Kg8 32. Ba6 Kh7 33. Bb7 Bxc6 34.
Bxc6 Rhd8 35. Ree1 Qh3 36. Bxa8 Rxa8 37. Qd3+ g6 38. Qd7 1-0

[Event "SPb Summer"]
[Site "St Petersburg"]
[Date "2016.08.18"]
[Round "2.10"]
[White "Dilmukhametov, Artur"]
[Black "Grigoriev, Semyon"]
[Result "0-1"]
[WhiteElo "2333"]
[BlackElo "2132"]
[PlyCount "138"]
[EventDate "2016.08.17"]
[EventType "swiss"]
[EventCountry "RUS"]

1. Nf3 d5 2. d4 Nf6 3. c4 c6 4. Nc3 dxc4 5. a4 Bf5 6. Ne5 Nbd7 7. Nxc4 Qc7 8.
f3 e5 9. dxe5 Nxe5 10. e4 Rd8 11. Qc2 Be6 12. Nxe5 Qxe5 13. Be3 Bb4 14. Be2 O-O
15. O-O Nd5 16. Bxa7 Nxc3 17. bxc3 Bxc3 18. Rad1 Rxd1 19. Rxd1 c5 20. Kh1 Bd4
21. a5 f5 22. exf5 Rxf5 23. Bc4 Rh5 24. Bxe6+ Qxe6 25. Bb8 Rd5 26. Bg3 Rd8 27.
Bc7 Rc8 28. Bb6 Qe5 29. Qc4+ Kf8 30. f4 Qe3 31. h3 Re8 32. Bc7 Qe6 33. Qb5 Qe2
34. Bd6+ Kg8 35. Qxe2 Rxe2 36. Rc1 Be3 37. Rc4 Re1+ 38. Kh2 Rc1 39. Re4 Bg1+
40. Kg3 Rb1 41. f5 Kf7 42. Kg4 Rd1 43. Re7+ Kf6 44. Re6+ Kf7 45. Be5 Rd5 46.
Kf4 c4 47. a6 bxa6 48. Ke4 Rd2 49. g4 Bh2 50. Bc3 Rd3 51. Bd4 g6 52. Rf6+ Ke7
53. Rxa6 gxf5+ 54. gxf5 Rxh3 55. f6+ Kf7 56. Ra7+ Ke6 57. Re7+ Kd6 58. Re8 Rh4+
59. Ke3 Bg1+ 60. Kf3 Bxd4 61. f7 Bg7 62. Rg8 Bh6 63. f8=Q+ Bxf8 64. Rxf8 Kc5
65. Ke3 Kb4 66. Kd2 Rh2+ 67. Kc1 Kb3 68. Rf3+ c3 69. Rf1 Ra2 0-1

[Event "SPb Summer"]
[Site "St Petersburg"]
[Date "2016.08.18"]
[Round "2.11"]
[White "Hurtado, Felipe"]
[Black "Pershin, Denis"]
[Result "0-1"]
[WhiteElo "2132"]
[BlackElo "2325"]
[PlyCount "108"]
[EventDate "2016.08.17"]
[EventType "swiss"]
[EventCountry "RUS"]

1. Nf3 Nf6 2. g3 e6 3. Bg2 d5 4. d4 Be7 5. O-O O-O 6. c4 b6 7. Nc3 Bb7 8. Ne5
Na6 9. Bg5 c5 10. e3 h6 11. Bxf6 Bxf6 12. Qa4 cxd4 13. exd4 Bxe5 14. dxe5 Nc5
15. Qc2 dxc4 16. Bxb7 Nxb7 17. Qe4 Qc8 18. Rac1 Rd8 19. Rfd1 Nc5 20. Qxc4 Nd3
21. Qxd3 Rxd3 22. Rxd3 Qc7 23. Rd6 Qc5 24. Re1 b5 25. Kg2 b4 26. Nd1 Qa5 27.
Re4 Rb8 28. Rdd4 Qxa2 29. Rc4 a5 30. Red4 a4 31. Rc7 a3 32. bxa3 b3 33. Nc3 Qc2
34. Rdd7 Rf8 35. Rd4 Rb8 36. Rdd7 b2 37. Rxf7 Qg6 38. Rf4 b1=Q 39. Nxb1 Rxb1
40. Rc3 Ra1 41. Rcf3 Qb1 42. Kh3 Qf1+ 43. Kg4 Qe2 44. Kh3 Qxe5 45. Re3 Qh5+ 46.
Kg2 Qd5+ 47. Rfe4 Kf7 48. Rf3+ Ke7 49. Rfe3 Rd1 50. f3 Ra1 51. a4 g5 52. Kh3
Ra2 53. Re2 Rxe2 54. Rxe2 Qxf3 0-1

[Event "SPb Summer"]
[Site "St Petersburg"]
[Date "2016.08.18"]
[Round "2.12"]
[White "Svidinsky, Dmitry"]
[Black "Sichinava, Zviad"]
[Result "0-1"]
[WhiteElo "2122"]
[BlackElo "2298"]
[PlyCount "92"]
[EventDate "2016.08.17"]
[EventType "swiss"]
[EventCountry "RUS"]

1. d4 Nf6 2. Nf3 g6 3. c4 c5 4. d5 b5 5. cxb5 a6 6. bxa6 Bxa6 7. Nc3 d6 8. e4
Bxf1 9. Kxf1 Bg7 10. g3 O-O 11. Kg2 Nbd7 12. Qc2 Ra6 13. a4 Qa8 14. Re1 e6 15.
dxe6 fxe6 16. Ng5 d5 17. exd5 exd5 18. Nb5 d4+ 19. Kg1 Nd5 20. f4 Re8 21. Rxe8+
Qxe8 22. Bd2 Qc8 23. Rc1 c4 24. Qxc4 Qxc4 25. Rxc4 N7b6 26. Rc6 Rxa4 27. Ne6
Rc4 28. Rd6 Bf6 29. Na3 Rc8 30. Ng5 d3 31. Ne4 Bxb2 32. Nb5 Bc1 33. Kf2 Rc2 34.
Ke1 Bxd2+ 35. Nxd2 Kg7 36. Rd8 Rc1+ 37. Kf2 Rc2 38. Ke1 Kf7 39. Nd4 Rc1+ 40.
Kf2 Ke7 41. Rb8 Ra1 42. Rb7+ Kd8 43. N4b3 Ra2 44. Rxh7 Nc4 45. Ke1 Nde3 46.
Nxc4 Re2# 0-1

[Event "SPb Summer"]
[Site "St Petersburg"]
[Date "2016.08.18"]
[Round "2.13"]
[White "Lesovoi, Evgenij"]
[Black "Tretyakov, Stepan"]
[Result "1-0"]
[WhiteElo "2295"]
[BlackElo "2122"]
[PlyCount "65"]
[EventDate "2016.08.17"]
[EventType "swiss"]
[EventCountry "RUS"]

1. d4 Nf6 2. c4 e6 3. g3 d5 4. Bg2 dxc4 5. Nf3 a6 6. O-O Nbd7 7. a4 Rb8 8. a5
Bd6 9. Nbd2 b5 10. axb6 Nxb6 11. Qc2 Bb7 12. Nxc4 O-O 13. Nfd2 Bxg2 14. Kxg2
Be7 15. Nf3 Qc8 16. Na5 c5 17. Bf4 Ra8 18. Rfc1 cxd4 19. Qb3 Bc5 20. Bd6 Bxd6
21. Rxc8 Nxc8 22. Nxd4 Rb8 23. Qd3 Nd5 24. Nc4 Nb4 25. Qe4 Be7 26. Nxe6 fxe6
27. Qxe6+ Kh8 28. Ne5 h6 29. Ng6+ Kh7 30. Nxf8+ Bxf8 31. Qe8 Bd6 32. Qe4+ Kh8
33. Rd1 1-0

[Event "SPb Summer"]
[Site "St Petersburg"]
[Date "2016.08.18"]
[Round "2.14"]
[White "Ustinov, Alexey"]
[Black "Orlov, Oleg"]
[Result "0-1"]
[WhiteElo "2117"]
[BlackElo "2289"]
[PlyCount "64"]
[EventDate "2016.08.17"]
[EventType "swiss"]
[EventCountry "RUS"]

1. d4 c5 2. c3 Nf6 3. Nf3 d5 4. Bf4 Nc6 5. e3 Qb6 6. Qc2 g6 7. Nbd2 Bf5 8. Qb3
c4 9. Qxb6 axb6 10. a3 b5 11. Rc1 Nh5 12. Be2 Nxf4 13. exf4 Bh6 14. g3 f6 15.
O-O O-O 16. Rcd1 Rae8 17. Nh4 Bh3 18. Rfe1 g5 19. fxg5 fxg5 20. Ng2 e5 21. dxe5
Nxe5 22. Ne3 g4 23. Ndf1 Bxf1 24. Nxf1 Rd8 25. Rd4 Bg7 26. Rd2 Bh6 27. Rd4 Bg7
28. Rd2 h5 29. Red1 d4 30. cxd4 Nf7 31. h4 Nd6 32. Rc2 Ne4 0-1

[Event "SPb Summer"]
[Site "St Petersburg"]
[Date "2016.08.18"]
[Round "2.15"]
[White "Remizov, Yaroslav"]
[Black "Abramov, Nikita"]
[Result "1/2-1/2"]
[WhiteElo "2104"]
[BlackElo "2276"]
[PlyCount "130"]
[EventDate "2016.08.17"]
[EventType "swiss"]
[EventCountry "RUS"]

1. e4 c5 2. Nf3 e6 3. d4 cxd4 4. Nxd4 a6 5. Nc3 b5 6. Bd3 Bb7 7. O-O Nc6 8. Nf3
d6 9. Re1 Nf6 10. a4 b4 11. Ne2 Be7 12. Ned4 O-O 13. Nxc6 Bxc6 14. Nd4 Bd7 15.
Qe2 Qb6 16. Nf3 Bc6 17. Bg5 h6 18. Bh4 Rfd8 19. a5 Qa7 20. e5 dxe5 21. Nxe5 Bd5
22. c4 bxc3 23. bxc3 Qc5 24. c4 Bb7 25. Nxf7 Qc6 26. Be4 Nxe4 27. Bxe7 Kxf7 28.
Bxd8 Rxd8 29. Qf3+ Kg8 30. Rab1 Rf8 31. Qh3 Kh8 32. Rb6 Qc5 33. Qe3 Qxe3 34.
Rxe3 Nc5 35. f3 Kg8 36. h3 Rc8 37. Kh2 Kf7 38. Re5 Ba8 39. Rd6 Ke7 40. Rd4 Nd7
41. Re2 e5 42. Rg4 Kf7 43. h4 Rc5 44. h5 Nf6 45. Rh4 Rxa5 46. Rb2 Bc6 47. Rb6
Bd7 48. c5 Rxc5 49. Rxa6 e4 50. fxe4 Nxh5 51. Ra7 Ke7 52. Rg4 Re5 53. Rg6 Rxe4
54. g4 Nf6 55. Rxg7+ Ke6 56. Rg6 Rd4 57. Ra6+ Ke7 58. Raxf6 Rxg4 59. Rxh6 Rh4+
60. Kg3 Rxh6 61. Rxh6 Be6 62. Kf4 Bg8 63. Ke5 Kf7 64. Kf5 Kg7 65. Ra6 Kh8
1/2-1/2

[Event "SPb Summer"]
[Site "St Petersburg"]
[Date "2016.08.18"]
[Round "2.16"]
[White "Nikitinyh, Boris"]
[Black "Kuzmin, Egor"]
[Result "1/2-1/2"]
[WhiteElo "2099"]
[BlackElo "2266"]
[PlyCount "155"]
[EventDate "2016.08.17"]
[EventType "swiss"]
[EventCountry "RUS"]

1. e4 c5 2. f4 g6 3. Nc3 Bg7 4. Nf3 Nc6 5. g3 d6 6. Bg2 e6 7. O-O Nge7 8. d3
Nd4 9. Ne2 Rb8 10. c3 Nxf3+ 11. Bxf3 O-O 12. Be3 b6 13. Qc2 Bb7 14. Rad1 Qc7
15. g4 f5 16. Ng3 Kh8 17. Qg2 d5 18. exf5 exf5 19. g5 d4 20. Bd2 b5 21. Bxb7
Qxb7 22. Qxb7 Rxb7 23. Ne2 Nc6 24. cxd4 Nxd4 25. Nc3 Re7 26. Rde1 Rxe1 27. Bxe1
Re8 28. Bg3 b4 29. Na4 Ne2+ 30. Kg2 Bd4 31. Rd1 Re3 32. Rd2 h5 33. gxh6 Kh7 34.
Rc2 Nxg3 35. hxg3 Re7 36. Kf1 Kxh6 37. Nxc5 Re3 38. Nb3 Bb6 39. Kg2 Rxd3 40.
Rc4 a5 41. Rc6 Bd8 42. Ra6 Rd5 43. Kf3 Rd3+ 44. Kf2 Rd5 45. Ke3 Kh5 46. Nd4 Be7
47. Nb3 Bd8 48. Nd4 g5 49. Nf3 gxf4+ 50. gxf4 Be7 51. Ne5 Bd6 52. Nf7 Bc5+ 53.
Ke2 Bf8 54. Ne5 Bg7 55. Nd3 Bd4 56. Ra8 Kg6 57. Ra6+ Kf7 58. b3 Ke7 59. Ne1 Rc5
60. Nf3 Ba1 61. Ne1 Kd7 62. Kd1 Bd4 63. Nd3 Rd5 64. Kc2 Be3 65. Ne5+ Kc7 66.
Nc4 Bxf4 67. Rxa5 Kc6 68. Rxd5 Kxd5 69. Kd3 Bc1 70. Kc2 Bg5 71. Kd3 Be7 72. Ke3
Bc5+ 73. Kf4 Ke6 74. Kf3 Bd6 75. Ke3 Bf8 76. Kd4 Bg7+ 77. Kd3 Kd5 78. a3
1/2-1/2

[Event "SPb Summer"]
[Site "St Petersburg"]
[Date "2016.08.18"]
[Round "2.17"]
[White "Melnikov, Dmitry"]
[Black "Markelova, Lubov"]
[Result "1/2-1/2"]
[WhiteElo "2262"]
[BlackElo "2108"]
[PlyCount "105"]
[EventDate "2016.08.17"]
[EventType "swiss"]
[EventCountry "RUS"]

1. g3 d5 2. Bg2 Nf6 3. d3 e5 4. Nf3 Bd6 5. Nc3 Nbd7 6. O-O O-O 7. e4 d4 8. Ne2
c5 9. Nd2 b5 10. a4 bxa4 11. Rxa4 Nb6 12. Ra5 Be6 13. b3 Qc7 14. Ra6 Bc8 15.
Ra1 a5 16. h3 a4 17. bxa4 Nxa4 18. Nc4 Be6 19. Nxd6 Qxd6 20. Qd2 Nd7 21. f4 f6
22. Kh1 Rfc8 23. c3 Nxc3 24. Rxa8 Rxa8 25. Nxc3 dxc3 26. Qxc3 Qd4 27. Qc2 Ra2
28. Qd1 Rf2 29. Rxf2 Qxf2 30. Kh2 Qd4 31. Qe2 c4 32. dxc4 Bxc4 33. Qf3 Qd3 34.
Qf2 h5 35. Bf3 h4 36. gxh4 Qf1 37. Qxf1 Bxf1 38. Kg3 Bd3 39. Kf2 exf4 40. Bxf4
Ne5 41. Bxe5 fxe5 42. h5 Kf7 43. Ke3 Bf1 44. h4 Kf6 45. Kd2 Bh3 46. Kc3 Be6 47.
Kb4 Ba2 48. Kc5 Bg8 49. Kd6 Be6 50. Be2 Bh3 51. Bb5 Bg2 52. Bc6 Bf3 53. Bd5
1/2-1/2

[Event "SPb Summer"]
[Site "St Petersburg"]
[Date "2016.08.18"]
[Round "2.18"]
[White "Babanin, Gleb"]
[Black "Emdin, Mark"]
[Result "1-0"]
[WhiteElo "2082"]
[BlackElo "2247"]
[PlyCount "61"]
[EventDate "2016.08.17"]
[EventType "swiss"]
[EventCountry "RUS"]

1. e4 d6 2. d4 Nf6 3. Nc3 e5 4. Nf3 Nbd7 5. Bc4 Be7 6. O-O c6 7. Re1 O-O 8. a4
b6 9. h3 a6 10. Be3 Qc7 11. Nh4 Re8 12. Nf5 Bf8 13. g4 h6 14. f4 exd4 15. Bxd4
Nxe4 16. Nxe4 d5 17. Neg3 Rxe1+ 18. Qxe1 dxc4 19. Qe8 Nc5 20. Bxg7 Bxf5 21.
Qxa8 Bc8 22. Be5 Qd7 23. Nf5 Ne6 24. Qb8 Bc5+ 25. Kf1 f6 26. Bd6 Kh7 27. Bxc5
bxc5 28. Qd6 Nd4 29. Qxd7+ Bxd7 30. Nxd4 cxd4 31. Re1 1-0

[Event "SPb Summer"]
[Site "St Petersburg"]
[Date "2016.08.18"]
[Round "2.19"]
[White "Fraiman, Dmitry"]
[Black "Kamnev, Alexander"]
[Result "1-0"]
[WhiteElo "2241"]
[BlackElo "2101"]
[PlyCount "70"]
[EventDate "2016.08.17"]
[EventType "swiss"]
[EventCountry "RUS"]

1. e4 c5 2. Nf3 Nc6 3. d4 cxd4 4. Nxd4 Nf6 5. Nc3 e5 6. Ndb5 d6 7. Bg5 a6 8.
Na3 b5 9. Nd5 Be7 10. Bxf6 Bxf6 11. c4 b4 12. Nc2 O-O 13. Be2 Bg5 14. O-O Be6
15. Qd3 Rb8 16. b3 a5 17. Rad1 Rb7 18. Nde3 Rd7 19. g3 Nb8 20. f4 Bh3 21. fxg5
Bxf1 22. Bxf1 Qxg5 23. Qd5 Na6 24. Qxa5 Nc5 25. Qxb4 Nxe4 26. Bg2 Nc5 27. Qd2
f5 28. Qd5+ Kh8 29. b4 Na6 30. Qb5 Nb8 31. c5 Qg6 32. Nxf5 Rdf7 33. Nce3 Rxf5
34. Nxf5 dxc5 35. Qxc5 Qxf5 1-0

[Event "SPb Summer"]
[Site "St Petersburg"]
[Date "2016.08.18"]
[Round "2.20"]
[White "Bondarenko, Ivan"]
[Black "Filyanin, Daniil"]
[Result "0-1"]
[WhiteElo "2224"]
[BlackElo "2098"]
[PlyCount "98"]
[EventDate "2016.08.17"]
[EventType "swiss"]
[EventCountry "RUS"]

1. d4 d5 2. c4 c6 3. cxd5 cxd5 4. Bf4 Nc6 5. e3 a6 6. Nc3 Nf6 7. Rc1 Bf5 8. Nf3
e6 9. Qb3 Ra7 10. Be2 Be7 11. h3 O-O 12. O-O Na5 13. Qd1 b5 14. Nh4 Bg6 15.
Nxg6 hxg6 16. a4 b4 17. Nb1 Bd6 18. Bxd6 Qxd6 19. Qc2 Nd7 20. Nd2 Rb8 21. b3
Rbb7 22. Qc8+ Kh7 23. Nf3 Qe7 24. Qc2 Nf6 25. Ng5+ Kg8 26. h4 Rc7 27. Qd3 Qd8
28. Rc5 Rxc5 29. dxc5 Nd7 30. Rc1 Rc7 31. c6 Ne5 32. Qxa6 Nxb3 33. Rb1 Rxc6 34.
Qb7 Rb6 35. Qa7 Nd2 36. Rc1 Rb8 37. a5 b3 38. Bd3 b2 39. Rd1 Qe8 40. Bb1 Rc8
41. Rxd2 Rc1+ 42. Kh2 Rxb1 43. Qb7 Nc4 44. Rc2 f6 45. Nf3 Nxa5 46. Qb4 Nc4 47.
Nd2 Rc1 48. Rxb2 Nxb2 49. Qxb2 Qc8 0-1

[Event "SPb Summer"]
[Site "St Petersburg"]
[Date "2016.08.18"]
[Round "2.21"]
[White "Kozyrin, Aleksandr"]
[Black "Turikov, Viktor"]
[Result "1-0"]
[WhiteElo "2058"]
[BlackElo "2209"]
[PlyCount "107"]
[EventDate "2016.08.17"]
[EventType "swiss"]
[EventCountry "RUS"]

1. c4 b6 2. Nf3 Ba6 3. e4 e6 4. Nc3 c5 5. Be2 Nc6 6. O-O Nge7 7. d4 cxd4 8.
Nxd4 Nxd4 9. Qxd4 Nc6 10. Qd1 Bc5 11. a3 Bb7 12. Nb5 O-O 13. b4 Be7 14. Nd6
Bxd6 15. Qxd6 Qb8 16. Rd1 Rd8 17. Bb2 f6 18. f4 Qxd6 19. Rxd6 Ne7 20. e5 Nf5
21. Rd2 Kf7 22. g4 Nh4 23. Kf2 Ng6 24. Kg3 fxe5 25. fxe5 Ke7 26. Rad1 Rdc8 27.
h4 Rc7 28. h5 Nf8 29. b5 Rac8 30. a4 Kf7 31. Rf1+ Kg8 32. Ba3 h6 33. Bd6 Nh7
34. Bxc7 Rxc7 35. Rfd1 Bc8 36. Rd4 Ng5 37. Bf1 Rc5 38. Kf4 Nf7 39. Re4 Kf8 40.
a5 a6 41. axb6 axb5 42. cxb5 Bb7 43. Rc4 Rxb5 44. Rc8+ Bxc8 45. Bxb5 d6 46.
exd6 e5+ 47. Kg3 Bb7 48. d7 Nd8 49. Rc1 Ke7 50. Rc7 Bd5 51. Ba6 Kd6 52. Bc8 e4
53. Kf2 Be6 54. Rc1 1-0

[Event "SPb Summer"]
[Site "St Petersburg"]
[Date "2016.08.18"]
[Round "2.22"]
[White "Gnidenko, Andrey"]
[Black "Shadrin, Anton"]
[Result "1/2-1/2"]
[WhiteElo "2204"]
[BlackElo "2066"]
[PlyCount "138"]
[EventDate "2016.08.17"]
[EventType "swiss"]
[EventCountry "RUS"]

1. d4 d5 2. c4 e5 3. dxe5 d4 4. Nf3 Nc6 5. g3 Nge7 6. Bg2 Ng6 7. O-O Ngxe5 8.
Nxe5 Nxe5 9. b3 c5 10. Bb2 Bd6 11. e3 dxe3 12. f4 Ng4 13. Bxg7 Rg8 14. Bb2 Nf2
15. Qh5 Bxf4 16. Nc3 Be6 17. Ne4 Nxe4 18. Qxh7 Rg4 19. Qxe4 Bxg3 20. Qxe3 Bc7
21. Bf6 Qd6 22. Qh6 Rg6 23. Qh4 Qd2 24. Rf2 Qh6 25. Qxh6 Rxh6 26. Bxb7 Rb8 27.
Bc6+ Kf8 28. Be4 Rb6 29. Bg5 Rh5 30. Be3 Re5 31. Bh6+ Ke7 32. Bf4 Rxe4 33. Bxc7
Rc6 34. Bg3 Bg4 35. Rf4 f5 36. Rxe4+ fxe4 37. Kf2 Ke6 38. Ke3 Kf5 39. Rg1 Ra6
40. Rg2 Bf3 41. Rd2 Kg4 42. Bd6 Rc6 43. Rd5 Ra6 44. Rd2 Rc6 45. Kf2 Kh3 46. Be5
Re6 47. Bf4 Kg4 48. Ke3 Ra6 49. Be5 Rc6 50. Rd6 Rc8 51. Rd7 a5 52. Rd5 a4 53.
Bd6 axb3 54. axb3 Ra8 55. Bxc5 Ra1 56. Rd8 Re1+ 57. Kf2 Re2+ 58. Kf1 Rxh2 59.
Rg8+ Kf5 60. Rf8+ Ke6 61. Bd4 Rd2 62. Bg7 Rd1+ 63. Kf2 Rd2+ 64. Kf1 Rd1+ 65.
Kf2 Rd2+ 66. Ke3 Rd3+ 67. Kf4 Rxb3 68. Bd4 Rb4 69. Rc8 Be2 1/2-1/2

[Event "SPb Summer"]
[Site "St Petersburg"]
[Date "2016.08.18"]
[Round "2.23"]
[White "Shinkevich, Maksim"]
[Black "Pyatin, Alexander"]
[Result "0-1"]
[WhiteElo "2052"]
[BlackElo "2204"]
[PlyCount "92"]
[EventDate "2016.08.17"]
[EventType "swiss"]
[EventCountry "RUS"]

1. d4 Nf6 2. c4 Nc6 3. Nc3 e5 4. Nf3 exd4 5. Nxd4 Bb4 6. g3 O-O 7. Bg2 Re8 8.
O-O Bxc3 9. bxc3 Ne4 10. Qc2 Qe7 11. Nb5 d6 12. Bf4 Bf5 13. Qb2 Rab8 14. Nd4
Bg6 15. Rad1 Ne5 16. f3 Nc5 17. Qb4 a5 18. Qb5 c6 19. Qxa5 Ra8 20. Qb4 Ra4 21.
Qb2 Nxc4 22. Qc1 d5 23. e4 dxe4 24. fxe4 Rxa2 25. Rfe1 Nxe4 26. Bxe4 Bxe4 27.
Nf5 Qc5+ 28. Rd4 Rg2+ 29. Kh1 Re2+ 30. Kg1 Rg2+ 31. Kh1 Rc2+ 32. Rexe4 Rxc1+
33. Bxc1 Rxe4 34. Rxe4 h6 35. Rf4 b5 36. Kg2 Ne5 37. Be3 Qd5+ 38. Kh3 Qe6 39.
Kg2 g5 40. Rf1 Qd5+ 41. Kh3 g4+ 42. Kh4 Nf3+ 43. Rxf3 Qxf3 44. Nxh6+ Kf8 45.
Bc5+ Ke8 46. Nxg4 Qxc3 0-1